i A la brava ése!: Cholos, punks, chavos banda
Es el resultado de un estudio exploratorio sobre la cotidianidad de los jóvenes pertenecientes a diversos moviemientos juveniles de las ciudades ubicadas al norte de México y del Distrito General con respecto al impacto que ejercen a la cultura nacional
Na minha lista:
| Autor principal: | |
|---|---|
| Formato: | Texto |
| Publicado em: |
Tijuana, B.C.:
El Colegio de la Frontera Norte
|
| Assuntos: | |
| Tags: |
Adicionar Tag
Sem tags, seja o primeiro a adicionar uma tag!
|
MARC
| LEADER | 00000 a a2200000 04500 | ||
|---|---|---|---|
| 001 | 21965 | ||
| 003 | |||
| 040 | |||
| 090 | |a 146400 | ||
| 100 | |a Valenzuela Arce, José Manuel | ||
| 245 | |a i A la brava ése!: Cholos, punks, chavos banda | ||
| 260 | |a Tijuana, B.C.: |b El Colegio de la Frontera Norte | ||
| 300 | |b il. | ||
| 520 | |a Es el resultado de un estudio exploratorio sobre la cotidianidad de los jóvenes pertenecientes a diversos moviemientos juveniles de las ciudades ubicadas al norte de México y del Distrito General con respecto al impacto que ejercen a la cultura nacional | ||
| 650 | |a CULTURA | ||
| 650 | |a CULTURA POPULAR | ||
| 650 | |a MEDIO CULTURAL | ||
| 650 | |a VALORES CULTURALES | ||
| 650 | |a MOVIMIENTOS SOCIALES | ||
| 650 | |a MITOLOGIA | ||
| 999 | |c 10269 |d 10269 | ||
